[Event "Syre Memorial op 32nd"]
[Site "Issy les Moulineaux"]
[Date "2009.05.22"]
[Round "3"]
[White "Calistri, Tristan"]
[Black "Guyot, Emmanuel"]
[Result "1-0"]
[WhiteElo "2382"]
[BlackElo "2104"]
[PlyCount "61"]
[EventDate "2009.05.21"]
[EventType "swiss"]
[EventRounds "6"]
[EventCountry "FRA"]
[SourceTitle "EXT 2010"]
[Source "ChessBase"]
[SourceDate "2010.11.25"]
[SourceVersion "1"]
[SourceVersionDate "2010.11.25"]
[SourceQuality "1"]

1. e4 Nf6 2. e5 Nd5 3. d4 d6 4. c4 Nb6 5. exd6 cxd6 6. Nc3 g6 7. Be3 Bg7 8. Rc1 0-0 9. b3 e5 10. dxe5 dxe5 11. Qxd8 Rxd8 12. c5 N6d7 13. Nf3 Nc6 14. Bc4 Na5 15. Be2 b6 16. Na4 bxc5 17. 0-0 Nb6 18. Rxc5 Nb7 19. Nxb6 axb6 20. Rc7 Nc5 21. Bxc5 bxc5 22. Bc4 Be6 23. Bxe6 fxe6 24. Ng5 Rd6 25. Ne4 Rb6 26. Rd1 h6 27. Rdd7 Bh8 28. Rh7 Rxb3 29. g3 Rb1+ 30. Kg2 Re1 31. Rxh8+ 1-0

[Event "Bois Colombes op 2nd"]
[Site "Bois Colombes"]
[Date "2005.12.21"]
[Round "1"]
[White "Stojanovic, Aleksandar1111"]
[Black "Guyot, Emmanuel"]
[Result "0-1"]
[WhiteElo "1858"]
[BlackElo "2084"]
[PlyCount "62"]
[EventDate "2005.12.21"]
[EventType "swiss"]
[EventRounds "6"]
[EventCountry "FRA"]
[SourceTitle "EXT 2007"]
[Source "ChessBase"]
[SourceDate "2006.11.23"]
[SourceVersion "1"]
[SourceVersionDate "2006.11.23"]
[SourceQuality "1"]

1. e4 Nf6 2. e5 Nd5 3. d4 d6 4. c4 Nb6 5. Nf3 g6 6. Be2 Bg7 7. exd6 cxd6 8. 0-0 0-0 9. Be3 Bg4 10. Nbd2 e5 11. Re1 Nc6 12. d5 Ne7 13. Qb3 Nf5 14. Bxb6 axb6 15. h3 Bxf3 16. Qxf3 Nd4 17. Qd3 f5 18. Qb1 Qh4 19. a4 Bh6 20. Nf1 Nxe2+ 21. Rxe2 Qxc4 22. Qd1 Ra5 23. Ra3 Rxd5 24. Rc2 Rxd1 25. Rxc4 d5 26. Rc7 d4 27. Rxb7 Rd8 28. Rxb6 d3 29. Rab3 d2 30. g3 Re1 31. a5 d1Q 0-1

[Event "FRA-chT2B 0506"]
[Site "France"]
[Date "2005.11.20"]
[Round "3.8"]
[White "Guyot, Emmanuel"]
[Black "Lam, Sophie"]
[Result "1/2-1/2"]
[WhiteElo "2084"]
[BlackElo "2038"]
[PlyCount "79"]
[EventDate "2005.10.27"]
[EventType "team-tourn"]
[EventRounds "11"]
[EventCountry "FRA"]
[SourceTitle "EXT 2006"]
[Source "ChessBase"]
[SourceDate "2005.11.24"]
[SourceVersion "1"]
[SourceVersionDate "2005.11.24"]
[SourceQuality "1"]
[WhiteTeam "Rueil Malmaison"]
[BlackTeam "Creteil  II"]
[WhiteTeamCountry "FRA"]
[BlackTeamCountry "FRA"]

1. e4 c5 2. Nf3 Nc6 3. Bb5 Nf6 4. Qe2 g6 5. 0-0 Bg7 6. c3 Qb6 7. Rd1 a6 8. Ba4 Qc7 9. e5 Nd5 10. d4 cxd4 11. Bb3 Nb6 12. cxd4 0-0 13. Bf4 Na5 14. Rc1 Qd8 15. Bc2 Nd5 16. Bg3 b5 17. Be4 Bb7 18. a4 Nb3 19. Nbd2 Nxc1 20. Rxc1 Bc6 21. Rc5 e6 22. h4 Qa5 23. h5 Rfc8 24. Ng5 Qxa4 25. Qf3 Rf8 26. Nxh7 f5 27. exf6 Nxf6 28. Nxf8 Rxf8 29. Bxc6 dxc6 30. Qe3 Nxh5 31. Qxe6+ Kh7 32. Nf3 Qa1+ 33. Kh2 Qxb2 34. Ng5+ Kh6 35. Rxc6 Rf6 36. Nf7+ Kh7 37. Ng5+ Kh6 38. Nf7+ Kh7 39. Ng5+ Kh6 40. Nf7+ 1/2-1/2

[Event "FRA-chT2 0304"]
[Site "France"]
[Date "2004.04.03"]
[Round "10"]
[White "Chatelier, Christian"]
[Black "Guyot, Emmanuel"]
[Result "0-1"]
[WhiteElo "2145"]
[BlackElo "2082"]
[PlyCount "84"]
[EventDate "2003.10.??"]
[EventType "team"]
[EventRounds "11"]
[EventCountry "FRA"]
[SourceTitle "EXT 2005"]
[Source "ChessBase"]
[SourceDate "2004.11.15"]
[SourceVersion "1"]
[SourceVersionDate "2004.11.15"]
[SourceQuality "1"]

1. e4 e5 2. Nf3 d6 3. d4 Nf6 4. Nc3 Nbd7 5. h3 Be7 6. Be3 c6 7. Be2 Qc7 8. Qd2 a6 9. 0-0 b5 10. a3 Bb7 11. Rad1 0-0 12. dxe5 dxe5 13. Nh2 Rfd8 14. Qc1 Nc5 15. Bf3 a5 16. Ng4 Nxg4 17. Bxg4 b4 18. Rxd8+ Rxd8 19. Bxc5 Bxc5 20. axb4 axb4 21. Na4 Ba7 22. c4 Rd4 23. Bf3 Qd8 24. b3 Rd2 25. c5 Qd4 26. Kh1 g6 27. Rd1 Rxd1+ 28. Qxd1 Bxc5 29. Nxc5 Qxc5 30. Qd7 Ba6 31. Qe8+ Kg7 32. h4 Qd6 33. Kh2 c5 34. g4 c4 35. bxc4 Bxc4 36. Qc8 Be6 37. Qc1 Qd4 38. Kg3 b3 39. h5 b2 40. h6+ Kf8 41. Qc2 Bc4 42. g5 Qb6 0-1

[Event "FRA-chT2 0304"]
[Site "France"]
[Date "2004.02.01"]
[Round "7"]
[White "Peter, Sebastien"]
[Black "Guyot, Emmanuel"]
[Result "1/2-1/2"]
[WhiteElo "2227"]
[BlackElo "2082"]
[PlyCount "81"]
[EventDate "2003.10.??"]
[EventType "team"]
[EventRounds "11"]
[EventCountry "FRA"]
[SourceTitle "EXT 2005"]
[Source "ChessBase"]
[SourceDate "2004.11.15"]
[SourceVersion "1"]
[SourceVersionDate "2004.11.15"]
[SourceQuality "1"]

1. e4 Nf6 2. Nc3 e5 3. Nf3 d6 4. d4 Nbd7 5. Bc4 Be7 6. 0-0 0-0 7. Re1 c6 8. a4 a5 9. b3 Qc7 10. h3 h6 11. Bb2 Re8 12. Bd3 Nf8 13. Ne2 Ng6 14. Ng3 Bf8 15. Qd2 Qb8 16. c4 c5 17. dxc5 dxc5 18. Rad1 Bd7 19. Bb1 Bc6 20. Nf5 Qc7 21. Qc3 Rad8 22. Rxd8 Qxd8 23. Bc2 Qc7 24. N3h4 Nxh4 25. Nxh4 Nh5 26. Nf5 Nf4 27. Bc1 Ne6 28. Qg3 Kh7 29. Bb2 f6 30. Nh4 Qf7 31. Bd1 Nd4 32. Bg4 Bd7 33. Bxd7 Qxd7 34. Qg6+ Kh8 35. Re3 Rd8 36. Kh2 Qe8 37. Qg4 Qe6 38. Qh5 Qe8 39. Qg4 Qe6 40. Qg6 Qe8 41. Qg4 1/2-1/2

[Event "Paris op-A"]
[Site "Paris"]
[Date "2003.??.??"]
[Round "6"]
[White "Guyot, Emmanuel"]
[Black "Strugnell, Carl"]
[Result "0-1"]
[WhiteElo "2050"]
[BlackElo "2139"]
[PlyCount "50"]
[EventDate "2003.07.05"]
[EventType "swiss"]
[EventRounds "9"]
[EventCountry "FRA"]
[SourceTitle "EXT 2005"]
[Source "ChessBase"]
[SourceDate "2004.11.15"]
[SourceVersion "1"]
[SourceVersionDate "2004.11.15"]
[SourceQuality "1"]

1. e4 c5 2. Nf3 Nc6 3. Bb5 g6 4. Bxc6 dxc6 5. 0-0 Bg7 6. d3 e5 7. Nbd2 Ne7 8. Nc4 f6 9. c3 Be6 10. Ne3 Qb6 11. Nd2 Rd8 12. Qe2 0-0 13. f4 Qc7 14. fxe5 fxe5 15. Nf3 h6 16. Rd1 g5 17. g4 c4 18. dxc4 Rxd1+ 19. Qxd1 Rf4 20. h3 Rxe4 21. Qd3 Rf4 22. Kg2 e4 23. Qc2 Rxf3 24. Qxe4 Qg3+ 25. Kh1 Be5 0-1

[Event "Paris-ch op-B"]
[Site "Paris"]
[Date "2002.07.11"]
[Round "6.3"]
[White "Quintin, Marc"]
[Black "Guyot, Emmanuel"]
[Result "1/2-1/2"]
[WhiteElo "1970"]
[BlackElo "2000"]
[PlyCount "57"]
[EventDate "2002.07.06"]
[EventType "swiss"]
[EventRounds "7"]
[EventCountry "FRA"]
[SourceTitle "EXT 2003"]
[Source "ChessBase"]
[SourceDate "2002.11.25"]
[SourceVersion "1"]
[SourceVersionDate "2002.11.25"]
[SourceQuality "1"]

1. d4 Nf6 2. c4 d6 3. Nc3 Nbd7 4. e4 e5 5. d5 Be7 6. Bd3 c6 7. Nf3 Qc7 8. 0-0 a5 9. h3 0-0 10. Be3 Re8 11. Qc2 Bf8 12. a3 Nc5 13. b4 Nxd3 14. Qxd3 Bd7 15. Nd2 g6 16. Nb3 axb4 17. axb4 Nh5 18. Qd2 Rxa1 19. Rxa1 cxd5 20. cxd5 Qc4 21. Nc1 Rc8 22. N1e2 Nf6 23. f3 b5 24. Nd1 Qb3 25. Ra2 Rc4 26. Rb2 Qa3 27. Bg5 Ne8 28. Ne3 Rc7 29. Ra2 1/2-1/2

[Event "Saint Quentin op 5th"]
[Site "Saint Quentin"]
[Date "2002.??.??"]
[Round "6"]
[White "Guyot, Emmanuel"]
[Black "Lafortune, Guillaume"]
[Result "1-0"]
[WhiteElo "2040"]
[BlackElo "1099"]
[PlyCount "55"]
[EventDate "2002.04.21"]
[EventType "swiss"]
[EventRounds "9"]
[EventCountry "FRA"]
[SourceTitle "CBM 088 Extra"]
[Source "ChessBase"]
[SourceDate "2002.07.01"]
[SourceVersion "2"]
[SourceVersionDate "2002.07.01"]
[SourceQuality "1"]

1. d4 Nf6 2. Nf3 d5 3. Bg5 Bg4 4. Nbd2 e6 5. h3 Bxf3 6. Nxf3 Be7 7. e3 h6 8. Bf4 0-0 9. Bd3 Nc6 10. c3 a6 11. Bc2 b5 12. Qd3 Qd7 13. Ne5 Qe8 14. Ng4 Ne4 15. f3 f5 16. fxe4 dxe4 17. Qe2 fxg4 18. Qxg4 g5 19. Qxe6+ Rf7 20. Bg3 Bd6 21. Qxe8+ Rxe8 22. Bxd6 cxd6 23. Bb3 Ne7 24. Bxf7+ Kxf7 25. a4 Nf5 26. 0-0 Kg6 27. Rfe1 Kh5 28. g4+ 1-0

[Event "Saint Quentin op 5th"]
[Site "Saint Quentin"]
[Date "2002.??.??"]
[Round "8"]
[White "Guyot, Emmanuel"]
[Black "Rosinovsky, Virgile"]
[Result "1/2-1/2"]
[WhiteElo "2040"]
[BlackElo "1880"]
[PlyCount "72"]
[EventDate "2002.04.21"]
[EventType "swiss"]
[EventRounds "9"]
[EventCountry "FRA"]
[SourceTitle "CBM 088 Extra"]
[Source "ChessBase"]
[SourceDate "2002.07.01"]
[SourceVersion "2"]
[SourceVersionDate "2002.07.01"]
[SourceQuality "1"]

1. d4 Nf6 2. Nf3 g6 3. Bg5 Ne4 4. Bf4 c5 5. Nbd2 Qa5 6. c3 Nxd2 7. Qxd2 Bg7 8. e3 0-0 9. h4 d5 10. h5 Nc6 11. hxg6 hxg6 12. Bd3 cxd4 13. exd4 e5 14. Bh6 Re8 15. Bxg7 Kxg7 16. Qh6+ Kf6 17. dxe5+ Ke7 18. Qg5+ Kd7 19. Qf6 Qc5 20. Qxf7+ Re7 21. Qxg6 Kc7 22. Rh7 Rxh7 23. Qxh7+ Kb6 24. Qh6 Bg4 25. Qd6 Qxd6 26. exd6 Bxf3 27. gxf3 Ne5 28. Be2 Rf8 29. 0-0-0 Kc6 30. c4 dxc4 31. Kc2 b5 32. a4 a6 33. axb5+ axb5 34. b3 Kd7 35. bxc4 bxc4 36. Kc3 Rf6 1/2-1/2

[Event "Saint Quentin op 5th"]
[Site "Saint Quentin"]
[Date "2002.??.??"]
[Round "4"]
[White "Naimski, Luc"]
[Black "Guyot, Emmanuel"]
[Result "0-1"]
[WhiteElo "1730"]
[BlackElo "2040"]
[PlyCount "82"]
[EventDate "2002.04.21"]
[EventType "swiss"]
[EventRounds "9"]
[EventCountry "FRA"]
[SourceTitle "CBM 088 Extra"]
[Source "ChessBase"]
[SourceDate "2002.07.01"]
[SourceVersion "2"]
[SourceVersionDate "2002.07.01"]
[SourceQuality "1"]

1. e4 e5 2. Nf3 d6 3. d4 Nf6 4. Nc3 Nbd7 5. Bc4 Be7 6. Be3 c6 7. a4 a5 8. Qd3 0-0 9. 0-0 Qc7 10. dxe5 dxe5 11. Bg5 Nc5 12. Qe2 Bg4 13. Qe3 Ne6 14. Bxf6 Bxf6 15. Ne2 Rfd8 16. h3 Bxf3 17. Qxf3 Nc5 18. Qe3 b6 19. b3 Rd7 20. Rad1 Rad8 21. Nc3 Rd4 22. Bd3 Nxd3 23. Rxd3 Rxd3 24. cxd3 Rd4 25. Ne2 Rb4 26. Rb1 h6 27. Qd2 Qd7 28. Qc2 b5 29. axb5 cxb5 30. Ra1 a4 31. bxa4 bxa4 32. Ra3 Be7 33. Rc3 Qb5 34. Rc8+ Kh7 35. Qa2 Rb1+ 36. Kh2 Qb3 37. Qd2 a3 38. Ra8 Rb2 39. Qa5 Rxe2 40. Qxe5 Qe6 41. Qb8 Bd6+ 0-1

[Event "Saint Quentin op 5th"]
[Site "Saint Quentin"]
[Date "2002.??.??"]
[Round "7"]
[White "Piot, Olivier"]
[Black "Guyot, Emmanuel"]
[Result "1-0"]
[WhiteElo "2216"]
[BlackElo "2040"]
[PlyCount "39"]
[EventDate "2002.04.21"]
[EventType "swiss"]
[EventRounds "9"]
[EventCountry "FRA"]
[SourceTitle "CBM 088 Extra"]
[Source "ChessBase"]
[SourceDate "2002.07.01"]
[SourceVersion "2"]
[SourceVersionDate "2002.07.01"]
[SourceQuality "1"]

1. d4 d5 2. c4 Nc6 3. e3 e5 4. dxe5 dxc4 5. Qxd8+ Kxd8 6. Na3 Bxa3 7. bxa3 Nxe5 8. Bb2 f6 9. 0-0-0+ Nd3+ 10. Bxd3 cxd3 11. Rxd3+ Ke8 12. Ne2 Ne7 13. Rhd1 Nc6 14. Nf4 Bf5 15. e4 Bg6 16. Ne6 Kf7 17. Nxc7 Rad8 18. Rd7+ Rxd7 19. Rxd7+ Ne7 20. a4 1-0

[Event "Saint Quentin op 4th"]
[Site "Saint Quentin"]
[Date "2001.04.20"]
[Round "7.34"]
[White "Guyot, Emmanuel"]
[Black "Urtado, Olivier"]
[Result "1-0"]
[WhiteElo "1970"]
[BlackElo "1720"]
[PlyCount "51"]
[EventDate "2001.04.15"]
[EventType "swiss"]
[EventRounds "9"]
[EventCountry "FRA"]
[SourceTitle "EXT 2002"]
[Source "ChessBase"]
[SourceDate "2001.11.25"]
[SourceVersion "1"]
[SourceVersionDate "2001.11.25"]
[SourceQuality "1"]

1. d4 d6 2. e4 Nf6 3. Nc3 g6 4. Nf3 Bg7 5. Bg5 Bg4 6. h3 Bxf3 7. Qxf3 Nc6 8. 0-0-0 Nd7 9. Bc4 0-0 10. Qe3 Na5 11. Be2 c5 12. dxc5 Nxc5 13. Bh6 Nc6 14. h4 Qa5 15. Bxg7 Kxg7 16. h5 Rh8 17. h6+ Kf8 18. f4 Ne6 19. Rd5 Qb6 20. Qd2 Qf2 21. Rf1 Qxg2 22. f5 Nc5 23. fxg6 hxg6 24. Qf4 f6 25. Rxd6 Qg5 26. Qxg5 1-0

[Event "Saint Quentin op 4th"]
[Site "Saint Quentin"]
[Date "2001.04.16"]
[Round "3.14"]
[White "Piankov, Evgenij"]
[Black "Guyot, Emmanuel"]
[Result "1-0"]
[WhiteElo "2370"]
[BlackElo "1970"]
[PlyCount "69"]
[EventDate "2001.04.15"]
[EventType "swiss"]
[EventRounds "9"]
[EventCountry "FRA"]
[SourceTitle "EXT 2002"]
[Source "ChessBase"]
[SourceDate "2001.11.25"]
[SourceVersion "1"]
[SourceVersionDate "2001.11.25"]
[SourceQuality "1"]

1. d4 Nf6 2. Nf3 d6 3. c4 Nbd7 4. Nc3 e5 5. d5 Be7 6. g3 c6 7. Bg2 Qc7 8. 0-0 0-0 9. e4 a5 10. Ne1 Re8 11. Nd3 Bf8 12. Be3 g6 13. Rc1 Bg7 14. c5 dxc5 15. Nxc5 Nxc5 16. Bxc5 Bf8 17. Na4 Bxc5 18. Rxc5 Nd7 19. Rc1 Ra6 20. Qd2 Qd6 21. Rfd1 Qb4 22. dxc6 bxc6 23. b3 Nb8 24. Qxb4 axb4 25. Rc4 Be6 26. Rxb4 Nd7 27. Rb7 Nf6 28. Rc7 Rb8 29. Bf1 Ra5 30. f3 Kg7 31. Rxc6 Bd7 32. Rxf6 Bxa4 33. Ra6 Rxa6 34. Bxa6 Ra8 35. Bc4 1-0